Vista normal
Vista MARC
Entrada Materia (personas)
Número de registros utilizados en: 1
001 - CONTROL NUMBER
- control field: 81155
003 - CONTROL NUMBER IDENTIFIER
- control field: Co-BoUCM
005 - DATE AND TIME OF LATEST TRANSACTION
- control field: 20161018090211.0
008 - FIXED-LENGTH DATA ELEMENTS
- fixed length control field: 161018|| aca||aabn | a|a d
040 ## - CATALOGING SOURCE
- Original cataloging agency: Co-BoUCM
- Transcribing agency: Co-BoUCM
100 ## - HEADING--PERSONAL NAME
- Personal name: Oviedo, Paulo Emilio
670 ## - SOURCE DATA FOUND
- Source citation: Work cat.: (Co-BoUCM)304807: Oviedo, Paulo Emilio, Estrategias para la enseñanza y el aprendizaje en la educación superior, 2015